Youtubers by Picture #2 - Statistics

General Stats
  • This quiz has been taken 5 times
  • The average score is 11 of 16
Answer Stats
Picture Answer % Correct
Çağrı Mert Bakırcı
100%
Fırat Sobutay
100%
Tuğkan Gönültaş
100%
Aykut Elmas
80%
Baturay Anar
80%
Berkcan Güven
80%
Hasan Mustan
80%
Ümit Tüney
80%
Berk Oral
60%
Fırat Albayram
60%
Furkan Yaman
60%
Mahsun Karaca
60%
Mervan Tepelioğlu
60%
Barışcan Mercan
40%
Doğan Kabak
40%
Mert Yılmaz
40%
No matching quizzes found
Score Distribution
Percent of People with Each Score
Percentile by Number Answered
Your Score History
You have not taken this quiz